000 00295nam a22001457a 4500
020 _a000
041 _aENG
100 _aGupta K
245 _aWorkshop Technology Vol 1
250 _aRevised Ed
260 _aDelhi
_bNew Heights Pub
_c1994
300 _a608
650 _aFMP
856 _uFMP
999 _c341
_d341